[Event "CAN-ch U10"]
[Site "Quebec"]
[Date "2018.07.04"]
[Round "5.115"]
[White "Fan, Haoran"]
[Black "Darvekar, Yash"]
[Result "1/2-1/2"]
[WhiteElo "880"]
[BlackElo "1457"]
[PlyCount "85"]
[EventDate "2018.07.02"]
[EventType "swiss"]
[EventRounds "7"]
[EventCountry "CAN"]
[SourceTitle "EXT 2022"]
[Source "ChessBase"]
[SourceDate "2021.10.06"]
[SourceVersion "1"]
[SourceVersionDate "2021.10.06"]
[SourceQuality "1"]

1. e4 c5 2. Nf3 g6 3. Nc3 Nc6 4. d4 cxd4 5. Nxd4 Bg7 6. Be3 Nf6 7. f3 0-0 8. Be2 Qb6 9. Nxc6 Qxc6 10. 0-0 d6 11. Qd2 Be6 12. a3 d5 13. e5 Nd7 14. f4 Rad8 15. Bd4 Nc5 16. Qe3 Ne4 17. Rad1 Nxc3 18. Qxc3 Qxc3 19. Bxc3 Bf5 20. Bd3 d4 21. Bb4 Bxd3 22. Rxd3 Rfe8 23. Rfd1 e6 24. Rxd4 Rxd4 25. Rxd4 f6 26. Re4 fxe5 27. fxe5 Rd8 28. Bd6 Bf8 29. Bxf8 Kxf8 30. Re2 Rd1+ 31. Kf2 Rb1 32. b3 Ke7 33. Rd2 b5 34. Ke3 Ra1 35. Kd4 Rxa3 36. Kc5 Ra5 37. Kb4 Ra1 38. Kxb5 Re1 39. Kc6 Ra1 40. Kb5 Re1 41. Ka6 Ra1+ 42. Kb5 Re1 43. Ka6 1/2-1/2